000 00293nam a22001337a 4500
008 170502b xxu||||| |||| 00| 0 eng d
020 _a9781422461396
041 _aeng
080 _25 ED
_a347
100 _a 13
101 _aSHJ
245 _aCIVIL LIABILITY
_cROSS.D.L
942 _2udc
_cBK
999 _c12369
_d12369